Ägypten in Charlottenburg : 50 Jahre Museumsgeschichte /

Saved in:

Other Authors: Wildung, Dietrich.

Format: Book

Language: German

Published: Berlin : Ägyptisches Museum und Papyrussammlung, Staatlisches Museen zu Berlin, 2005.

Subjects:

Tags: Add Tag

No Tags, Be the first to tag this record!

Call Number: DT59 .B489 2005

LEADER 00823namaa2200241 4500
001 13430
003 OSt
005 20260510074248.0
008 130303s2005 gw a 000 0 ger d
020 |a 3886034979 
040 |c ARCE Library 
043 |a f-ua---  |a e-gx--- 
050 4 |a DT59 .B489 2005 
245 0 0 |a Ägypten in Charlottenburg :  |b 50 Jahre Museumsgeschichte /  |c herausgegeben von Dietrich Wildung.  
264 1 |a Berlin :  |b Ägyptisches Museum und Papyrussammlung, Staatlisches Museen zu Berlin,  |c 2005.  |6   
300 |a 77 pages :  |b illustrations (some color) ;  |c 25 cm. 
610 2 0 |a Ägyptisches Museum und Papyrussammlung (Berlin, Germany)  
650 0 |a Art, Egyptian  |z Germany  |z Berlin. 
651 0 |a Egypt  |x Antiquities.  
700 1 |a Wildung, Dietrich. 
901 |a reviewed 
942 |c BK  |2 lcc 
999 |c 13323  |d 13323